| 000 | 00967nam a2200289 i 4500 | ||
|---|---|---|---|
| 001 | 11448 | ||
| 003 | ES-MaACL | ||
| 005 | 20250731074433.0 | ||
| 007 | t| | ||
| 008 | 921005s1992 sp a |||| | spa | ||
| 020 | _a84-7100-346-5 | ||
| 080 | _a355.353(460)"17/18" | ||
| 080 | _a98(=60)"1806/30" | ||
| 100 | 1 |
_aCervera Pery, José. _937642 |
|
| 245 | 1 | 3 |
_aLa Marina española en la emancipación de Hispanoamérica / _cJosé Cervera Pery. |
| 260 |
_aMadrid : _bMapfre, _c[1992] |
||
| 300 |
_a290 p. : _bil. ; _c23 cm. |
||
| 490 | 1 |
_aMar y América ; _v11 |
|
| 500 | _aÍndices. | ||
| 504 | _aBibliografía: p. 265-276. | ||
| 650 | 4 |
_aMarina de guerra- _zEspaña- _yS.XVIII. _914787 |
|
| 650 | 4 |
_aMarina de guerra- _zEspaña- _yS.XIX. _914783 |
|
| 651 | 4 |
_aAmérica española- _xHistoria- _y1806-1830, Guerras de la Independencia. _97726 |
|
| 830 | 1 | 0 |
_aColección Mar y América _v11 _9228196 |
| 852 |
_aES-MaACL _jL-18773 |
||
| 999 |
_c11448 _d11448 |
||